Elementos de técnica micrográfica del sistema nervioso / (Record no. 124045)

MARC details
000 -LEADER
campo de control de longitud fija 00807nam a2200229 4500
001 - NÚMERO DE CONTROL
campo de control 124045
003 - IDENTIFICADOR DE NÚMERO DE CONTROL
campo de control ES-MaACL
005 - FECHA Y HORA DE LA ÚLTIMA TRANSACCIÓN
campo de control 20250702170746.0
007 - CAMPO FIJO DE DESCRIPCIÓN FÍSICA--INFORMACIÓN GENERAL
campo de control de longitud fija t|
008 - DATOS DE LONGITUD FIJA--INFORMACIÓN GENERAL
campo de control de longitud fija 070214s1972 sp r ||||1| spa d
100 1# - ENTRADA PRINCIPAL--NOMBRE DE PERSONA
Nombre de persona Ramón y Cajal, Santiago,
Fechas asociadas al nombre 1852-1934
9 (RLIN) 226468
245 10 - MENCIÓN DEL TÍTULO
Título Elementos de técnica micrográfica del sistema nervioso /
Mención de responsabilidad, etc. por S. Ramón y Cajal y F. de Castro.
250 ## - MENCION DE EDICION
Mención de edición 2ª ed.
Resto de la mención de edición actualizada por A. Bullón Ramírez y J. Merchán Cifuentes.
260 ## - PUBLICACIÓN, DISTRIBUCIÓN, ETC.
Lugar de publicación, distribución, etc. Barcelona :
Nombre del editor, distribuidor, etc. Salvat,
Fecha de publicación, distribución, etc. 1972.
300 ## - DESCRIPCIÓN FÍSICA
Extensión XI, 283 p. :
Otras características físicas il. ;
Dimensiones 24 cm.
650 #4 - PUNTO DE ACCESO ADICIONAL DE MATERIA--TÉRMINO DE MATERIA
Término de materia o nombre geográfico como elemento de entrada Microscopía.
9 (RLIN) 15032
700 1# - ENTRADA AGREGADA--NOMBRE PERSONAL
Nombre de persona Castro, Fernando de,
Fechas asociadas al nombre 1896-1967
9 (RLIN) 150498
700 1# - ENTRADA AGREGADA--NOMBRE PERSONAL
Nombre de persona Bullón Ramírez, A.
9 (RLIN) 32519
700 1# - ENTRADA AGREGADA--NOMBRE PERSONAL
Nombre de persona Merchán Cifuentes, J.
9 (RLIN) 80455
852 ## - LOCALIZACIÓN
Ubicación ES-MaACL
Número de control de estantería C-40969
Holdings
Estatus retirado Estado de pérdida Estado de daño No para préstamo Biblioteca de origen Biblioteca actual Ubicación en estantería Fecha de adquisición Fuente de adquisición Total de préstamos Signatura topográfica completa Código de barras Visto por última vez Precio de reemplazo Tipo de ítem Koha
        Biblioteca del Ateneo de Madrid Biblioteca del Ateneo de Madrid Depósito 2 17/01/2008     C-40969 1129233 23/02/2023 23/02/2023 Libro impreso